000 00275nam a22001337a 4500
008 171019b xxu||||| |||| 00| 0 eng d
020 _a9780538805629
041 _aeng
080 _a338
100 _a53
101 _aMNG
245 _aMANAGEMENT
_cALDAG
942 _2udc
_cBK
999 _c34861
_d34861